000
00300nam a22001097a 4500
040
_c
RUA
082
_a
636 NGO 2015 C138 Or.
100
_a
NGO BUNTHAN
245
_a
Agriculture and Rural Development Road Toward Agriculture And Rural Development Enhancement
260
_a
RUA
_b
NGO
_c
2015
942
_c
KB
999
_c
19712
_d
19712